| 000 | 01554cam a2200361 i 4500 | ||
|---|---|---|---|
| 999 |
_c7817 _d7817 |
||
| 001 | 991061010981306706 | ||
| 003 | OSt | ||
| 005 | 20231120113018.0 | ||
| 008 | 230727s2023 spc 000 idcat|c | ||
| 015 |
_aLL2023 _2bnc |
||
| 017 |
_aDL B 14418-2023 _bBiblioteca de Catalunya |
||
| 020 | _a9788491689676 | ||
| 040 |
_aES-BaUB _bcat _erda _cCDMR _dCDMR |
||
| 041 | 0 |
_acat _aspa |
|
| 043 |
_ae-sp--- _ae-sp--- _be-spc-- _2catmarc |
||
| 080 |
_a308 _x-055.2 _x(460) _x"18" _x(044) _22004 |
||
| 080 |
_a308 _x-055.2 _x(460.23) _x"18" _x(044) _22004 |
||
| 100 | 1 | _aComas i Güell, Montserrat, | |
| 245 | 1 | 0 |
_aElles, les dones, també hi eren : _bcorresponsals femenines de Víctor Balaguer (1848-1896) / _cMontserrat Comas i Güell |
| 264 | 1 |
_aBarcelona : _bEdicions de la Universitat de Barcelona, _c2023 |
|
| 300 |
_a217 pàgines ; _c23 cm |
||
| 490 | 1 | _aCol·lecció Singularitats | |
| 500 | _aA portada: GRACMON, Grup de Recerca en Història de l'Art i del Disseny Contemporanis, Aulua Joaquim Molas, Biblioteca-Museu Víctor Balaguer | ||
| 504 | _aInclou bibliografia | ||
| 505 | 8 | _aPàgines 87-97 dedicades a "Premsa" on es citen, entre d'altres, les periodistes: María del Pilar Sinués, Sofía Tartilán, Josefa Pujol, etc. | |
| 600 | 1 | 7 |
_aBalaguer, Víctor, _d1824-1901 _vEpistolaris. _2lemac |
| 610 | 2 | 0 |
_9142 _aLa Mañana _xHistòria |
| 650 | 7 |
_aDones _zCatalunya _xCondicions socials _yS. XIX _vEpistolaris. _2lemac |
|
| 650 | 0 |
_aDones periodistes _zCatalunya _yS. XIX _92913 |
|
| 830 | 0 | _aSingularitats | |
| 908 |
_aBMVB _aBC |
||
| 942 |
_2udc _cMON |
||